000
00282nam a22001217a 4500
082
_a
824/Kha
100
_a
Khare,Mohit
_9
81527
245
_a
Good Essays For Students 's Refernences
260
_a
Delhi
_b
Sonali Sahity Sadan
_c
2019
300
_a
208
650
_a
Essays
942
_c
BK
999
_c
65583
_d
65583